000
00291nam a22001337a 4500
008
260325b ||||| |||| 00| 0 eng d
020
_a
9789951059206
041
_a
Shqip
080
_a
821.14
100
_a
25
101
_a
Përrallëza
245
_a
Përrallëza
_c
Ezopi
942
_2
udc
_c
BK
999
_c
60933
_d
60933